عرض عادي عرض مارك
  • عدس، عبد الرحمن

مدخل إسم شخص

عدد التسجيلات المستخدمة في: 1

001 - رقم الضبط

  • حقل الضبط: 34690

003 - معرف رقم الضبط

  • حقل الضبط: OSt

005 - تاريخ ووقت أخر عملية

  • حقل الضبط: 20130318224612.0

008 - عناصر بيانات ثابتة الطول

  • حقل تحكم ثابت الطول: 130318|||a|||||| | ||| d

040 ## - مصدر الفهرسة

  • هيئة الفهرسة الأصلية: OSt
  • وكالة الكتابة: OSt

100 ## - مدخل -- أسم شخص

  • إسم شخص: عدس، عبد الرحمن
  • مصطلح الرابط: مترجم

670 ## - بيانات المصدر موجوده

  • الاستشهاد بالمصدر: Work cat.: (OSt): إلينجورث، رونالد س, تطور الوليد والطفل الصغير سويا وغير السوي / , 1994